000 00592nam a22001937a 4500
999 _c22447
_d22447
003 OSt
005 20220822142253.0
008 220822b ||||| |||| 00| 0 spa d
020 _a9786124342882
040 _cBiblioteca Municipal de Cusco
082 _a869.56/N31U
_bN31U
100 1 _aNavas, Erick
_d1974-
_eautor
_948220
245 1 0 _aÚsame para entender a las mujeres :
_bun café contigo /
_cErick Navas
250 _aPrimera edición.
264 1 _aLima :
_bCaja Negra,
_c2019.
300 _a168 páginas ;
_c20 cm
650 _aNovelas peruanas
_ySiglo XX
_947961
942 _2ddc
_cLIBROS